| 000 | 00433nam a22001697a 4500 | ||
|---|---|---|---|
| 005 | 20250722154436.0 | ||
| 008 | 250722b |||||||| |||| 00| 0 eng d | ||
| 020 | _a978-1-78557-828-1 | ||
| 050 | _aHV 6275 .B79 2016 | ||
| 100 | _aBRYAN, WILL | ||
| 245 | _aCONSPIRACY THEORIES | ||
| 260 |
_aCHINA _bIGLOO BOOKS LTD _c2019 |
||
| 300 | _a166P.:ILL | ||
| 500 | _aINCLUDES INDEX | ||
| 650 | _aCONSPIRACY THEORIES | ||
| 942 |
_2lcc _cBK |
||
| 999 |
_c215954 _d215954 |
||